[Event "RA December op U1900"]
[Site "Ottawa CAN"]
[Date "2018.12.07"]
[Round "1"]
[White "Laurin, Marcel"]
[Black "Lemieux, Richard"]
[Result "0-1"]
[WhiteElo "1697"]
[BlackElo "1856"]
[PlyCount "58"]
[EventDate "2018.12.07"]
[EventType "swiss"]
[EventRounds "5"]
[EventCountry "CAN"]

1. d4 Nf6 2. c4 e5 3. d5 Bc5 4. e3 d6 5. Bd2 Bf5 6. Nc3 Nbd7 7. Be2 O-O 8. h3
Bg6 9. Nf3 e4 10. Nh2 Ne5 11. O-O Nfd7 12. Na4 f5 13. b4 b5 14. Nb2 Bb6 15.
cxb5 Nb8 16. a4 a6 17. bxa6 Nxa6 18. a5 Ba7 19. Bxa6 f4 20. exf4 Qh4 21. Be3
Bh5 22. Qd2 Nf3+ 23. gxf3 Qxh3 24. Be2 Rf6 25. f5 exf3 26. Bxf3 Bxf3 27. Nxf3
Qxf3 28. Qd1 Qh3 29. Bxa7 Rh6 0-1

[Event "RA December op U1900"]
[Site "Ottawa CAN"]
[Date "2018.12.08"]
[Round "2"]
[White "Stopic, Alexander"]
[Black "Laurin, Marcel"]
[Result "0-1"]
[WhiteElo "1649"]
[BlackElo "1697"]
[PlyCount "54"]
[EventDate "2018.12.07"]
[EventType "swiss"]
[EventRounds "5"]
[EventCountry "CAN"]

1. c4 c5 2. g3 Nc6 3. Bg2 g6 4. Nc3 Bg7 5. e3 Nf6 6. Nge2 d6 7. O-O Bd7 8. d4
cxd4 9. exd4 Qc8 10. Be3 Bh3 11. Qb3 Bxg2 12. Kxg2 O-O 13. Qc2 Nb4 14. Qb3 Nc6
15. Qc2 Qd7 16. Qd2 d5 17. b3 Rac8 18. c5 Rfd8 19. Bh6 Ne4 20. Nxe4 dxe4 21.
Bxg7 Kxg7 22. Rfd1 Qg4 23. Qc3 Qxe2 24. d5+ Kg8 25. Re1 Qf3+ 26. Qxf3 exf3+ 27.
Kxf3 Nd4+ 0-1

[Event "RA December op U1900"]
[Site "Ottawa CAN"]
[Date "2018.12.08"]
[Round "3"]
[White "Laurin, Marcel"]
[Black "Kurkdji, Johnny"]
[Result "1/2-1/2"]
[WhiteElo "1697"]
[BlackElo "1603"]
[PlyCount "119"]
[EventDate "2018.12.07"]
[EventType "swiss"]
[EventRounds "5"]
[EventCountry "CAN"]

1. d4 d5 2. c4 e6 3. a3 Nf6 4. Nc3 h6 5. Nf3 a6 6. Bf4 Be7 7. Rc1 c6 8. c5 Nbd7
9. e3 O-O 10. Bd3 b5 11. Bb1 Bb7 12. Qd3 Re8 13. Ne5 Nf8 14. h3 Nh5 15. Bh2 Nf6
16. Ke2 N6d7 17. Rcf1 Nxe5 18. Bxe5 Bf6 19. Bd6 Be7 20. Bh2 Bf6 21. f4 Bc8 22.
Rf3 Ra7 23. Rhf1 g6 24. Kf2 Bg7 25. Ne2 f5 26. Kg1 h5 27. Bc2 Nh7 28. Rg3 Qf6
29. Rgf3 Bh6 30. g4 hxg4 31. hxg4 g5 32. Ng3 fxg4 33. fxg5 Qxg5 34. Rf4 Rg7 35.
Bd1 Qh4 36. R4f2 Ng5 37. Rg2 Nh3+ 38. Kh1 Rf8 39. Rxf8+ Kxf8 40. Qe2 Rf7 41.
Qxg4 Qxg4 42. Bxg4 Nf2+ 43. Kg1 Nxg4 44. Nf1 Nxh2 45. Rxh2 Bg5 46. Rh8+ Ke7 47.
Rxc8 Rg7 48. Rc7+ Kf6 49. Rxg7 Kxg7 50. Kf2 Kf6 51. Nd2 Ke7 52. b4 Kd7 53. Nb1
Ke7 54. Nc3 Bf6 55. Ke2 Kd7 56. a4 Kc7 57. axb5 axb5 58. Kd3 Kd7 59. e4 Bd8 60.
exd5 1/2-1/2

[Event "RA December op U1900"]
[Site "Ottawa CAN"]
[Date "2018.12.09"]
[Round "4"]
[White "Balasooriya, Randika"]
[Black "Laurin, Marcel"]
[Result "1-0"]
[WhiteElo "1805"]
[BlackElo "1697"]
[PlyCount "67"]
[EventDate "2018.12.07"]
[EventType "swiss"]
[EventRounds "5"]
[EventCountry "CAN"]

1. e4 b6 2. d4 Bb7 3. Bd3 d6 4. Nf3 Nd7 5. O-O h6 6. Re1 e6 7. e5 d5 8. Nbd2
Ne7 9. Nf1 c5 10. c3 c4 11. Bc2 g5 12. Ng3 Ng6 13. Nh5 g4 14. Nd2 Qh4 15. Ng3
Be7 16. Ndf1 Bg5 17. Ne3 h5 18. Nef5 exf5 19. Nxf5 g3 20. Nxh4 gxf2+ 21. Kxf2
Bxh4+ 22. g3 Be7 23. e6 Nf6 24. exf7+ Kxf7 25. Bxg6+ Kxg6 26. Rxe7 Ng4+ 27. Kg1
Bc8 28. Bf4 Bf5 29. Qe2 h4 30. Rf1 hxg3 31. Bxg3 Raf8 32. Rxf5 Kxf5 33. Qe6+
Kg5 34. Rg7+ 1-0

[Event "RA December op U1900"]
[Site "Ottawa CAN"]
[Date "2018.12.09"]
[Round "5"]
[White "Laurin, Marcel"]
[Black "Sztuka, Jeremy"]
[Result "1-0"]
[WhiteElo "1697"]
[BlackElo "1681"]
[PlyCount "71"]
[EventDate "2018.12.07"]
[EventType "swiss"]
[EventRounds "5"]
[EventCountry "CAN"]

1. d4 b5 2. e4 b4 3. Bc4 Bb7 4. f3 e6 5. Bd2 c5 6. Ne2 Qh4+ 7. g3 Qf6 8. O-O
cxd4 9. c3 dxc3 10. bxc3 a5 11. cxb4 axb4 12. Be3 Nc6 13. Nd2 Nge7 14. Bb3 Ng6
15. Nc4 Nge5 16. Nb6 Rd8 17. Kg2 Be7 18. Qd2 d6 19. Rac1 O-O 20. h3 Rfe8 21. f4
Nd7 22. f5 Qe5 23. Kh2 Qxe4 24. fxe6 fxe6 25. Rc4 Qe5 26. Nxd7 Rxd7 27. Bf4 Qf6
28. Nd4 Ne5 29. Rf2 Nxc4 30. Bxc4 d5 31. Bb5 Red8 32. Bxd7 Rxd7 33. Re2 Bd6 34.
Rxe6 Bxf4 35. gxf4 Qh6 36. Rxh6 1-0

[Event "RA Fall op"]
[Site "Ottawa CAN"]
[Date "2018.09.14"]
[Round "1"]
[White "Collins, Chris"]
[Black "Dukic, Zachary"]
[Result "0-1"]
[WhiteElo "2077"]
[BlackElo "2279"]
[PlyCount "32"]
[EventDate "2018.09.14"]
[EventType "swiss"]
[EventRounds "5"]
[EventCountry "CAN"]

1. e4 e5 2. Nf3 Nc6 3. d4 exd4 4. Bc4 Bc5 5. O-O Nf6 6. e5 d5 7. exf6 dxc4 8.
Re1+ Be6 9. Ng5 Qd5 10. Nc3 Qf5 11. Nce4 Bb6 12. g4 Qg6 13. Nxe6 fxe6 14. f7+
Kd7 15. Ng5 e5 16. Qf3 h6 0-1

[Event "RA Fall op"]
[Site "Ottawa CAN"]
[Date "2018.09.14"]
[Round "1"]
[White "Demchenko, Svitlana"]
[Black "Xu, Daniel"]
[Result "1-0"]
[WhiteElo "2296"]
[BlackElo "2053"]
[PlyCount "107"]
[EventDate "2018.09.14"]
[EventType "swiss"]
[EventRounds "5"]
[EventCountry "CAN"]

1. d4 Nf6 2. Nf3 g6 3. c4 Bg7 4. Nc3 d6 5. e4 O-O 6. Be2 e5 7. d5 a5 8. Bg5 h6
9. Bh4 Na6 10. O-O Qe8 11. Nd2 Nh7 12. f3 Bd7 13. b3 h5 14. a3 Bh6 15. Bf2 c5
16. dxc6 bxc6 17. c5 Nxc5 18. Nc4 Qe7 19. Nb6 Rad8 20. b4 Nb7 21. bxa5 Nxa5 22.
Qa4 Nb7 23. Qa7 Nc5 24. Rfd1 Nb3 25. Rab1 Nd4 26. Kh1 Nxe2 27. Nxe2 Rfe8 28.
Nc4 Be6 29. Qxe7 Rxe7 30. Nxe5 Rc8 31. Rxd6 Ba2 32. Rb2 Rxe5 33. Rxa2 Bf8 34.
Rd3 Ra8 35. Nd4 c5 36. Nb5 Ra5 37. Nd6 Re6 38. Nc4 Ra4 39. Rc2 Nf6 40. g3 Ne8
41. Kg2 Nc7 42. Rb3 Rea6 43. Rb8 Ne6 44. f4 Ra8 45. Rxa8 Rxa8 46. Kf3 Ra4 47.
Ke2 Nc7 48. Kd3 Nb5 49. Ra2 f6 50. Be3 Kf7 51. Bc1 Ke6 52. Rb2 Nd6 53. Rb6 Kd7
54. Rxd6+ 1-0

[Event "RA Fall op"]
[Site "Ottawa CAN"]
[Date "2018.09.14"]
[Round "1"]
[White "Gordon, David"]
[Black "Merrigan, Daley"]
[Result "1-0"]
[WhiteElo "2254"]
[BlackElo "2034"]
[PlyCount "65"]
[EventDate "2018.09.14"]
[EventType "swiss"]
[EventRounds "5"]
[EventCountry "CAN"]

1. d4 Nf6 2. Bg5 e6 3. Nf3 h6 4. Bh4 d5 5. e3 Be7 6. c4 c5 7. dxc5 Qa5+ 8. Nc3
dxc4 9. Bxc4 Qxc5 10. Qe2 O-O 11. O-O Nc6 12. Rfd1 a6 13. Rac1 b5 14. Nxb5 axb5
15. Bxb5 Qh5 16. Bxc6 Rxa2 17. Qc2 e5 18. Bxf6 Bxf6 19. Qb3 Be6 20. Bd5 Bxd5
21. Rxd5 Raa8 22. e4 Qg4 23. Qd3 Rfd8 24. h3 Qe6 25. Rcc5 Qb6 26. Qb5 Qa7 27.
b4 Rdb8 28. Qc4 Qa1+ 29. Kh2 Qb2 30. Rd2 Qxb4 31. Rc8+ Kh7 32. Qxb4 Rxb4 33.
Rxa8 1-0

[Event "RA Fall op"]
[Site "Ottawa CAN"]
[Date "2018.09.14"]
[Round "1"]
[White "Miller, Rachel"]
[Black "Pace, Christopher"]
[Result "0-1"]
[WhiteElo "2060"]
[BlackElo "2269"]
[PlyCount "52"]
[EventDate "2018.09.14"]
[EventType "swiss"]
[EventRounds "5"]
[EventCountry "CAN"]

1. e4 g6 2. d4 Bg7 3. Nc3 d6 4. Be3 a6 5. f4 b5 6. Qf3 Bb7 7. a3 Nd7 8. Rd1 Rc8
9. Nh3 Ngf6 10. f5 c5 11. fxg6 hxg6 12. Bd3 Qb6 13. dxc5 Nxc5 14. O-O Qc7 15.
Nd5 Bxd5 16. exd5 Nxd3 17. Rxd3 Qxc2 18. Bd4 Rc4 19. Ng5 Rh5 20. Nxf7 Kxf7 21.
Qe3 Rf5 22. Qe6+ Kf8 23. Rfd1 Rxd4 24. Qe3 Qxd1+ 25. Rxd1 Rxd1+ 26. Qe1 Rxe1#
0-1

[Event "RA Fall op"]
[Site "Ottawa CAN"]
[Date "2018.09.14"]
[Round "1"]
[White "Sambuev, Bator"]
[Black "Doubleday, William"]
[Result "1-0"]
[WhiteElo "2539"]
[BlackElo "2098"]
[PlyCount "63"]
[EventDate "2018.09.14"]
[EventType "swiss"]
[EventRounds "5"]
[EventCountry "CAN"]

1. Nf3 c5 2. g3 Nc6 3. Bg2 g6 4. O-O Bg7 5. d3 e5 6. c3 Nge7 7. a3 O-O 8. b4 d6
9. Bb2 a6 10. Nbd2 h6 11. e4 Rb8 12. d4 b6 13. d5 Na7 14. Ne1 Nb5 15. a4 Nc7
16. Nd3 b5 17. bxc5 dxc5 18. axb5 Nxb5 19. c4 Nd4 20. Ba3 Re8 21. Bxc5 Bb7 22.
Bxd4 exd4 23. c5 Nxd5 24. exd5 Bxd5 25. Rxa6 Bxg2 26. Kxg2 Qd5+ 27. Qf3 Qxf3+
28. Kxf3 h5 29. Rb1 Bh6 30. Rxb8 Rxb8 31. Nc4 Rb3 32. Ra3 1-0

[Event "RA Fall op"]
[Site "Ottawa CAN"]
[Date "2018.09.15"]
[Round "2"]
[White "Berengolts, Isaac"]
[Black "Monaghan, Jim"]
[Result "1/2-1/2"]
[WhiteElo "2112"]
[BlackElo "2178"]
[PlyCount "42"]
[EventDate "2018.09.14"]
[EventType "swiss"]
[EventRounds "5"]
[EventCountry "CAN"]

1. e4 d6 2. d4 Nf6 3. Nc3 Nbd7 4. Bc4 e5 5. Nf3 Be7 6. Ng5 O-O 7. Bxf7+ Rxf7 8.
Ne6 Qe8 9. Nxc7 Qd8 10. Nxa8 b5 11. b4 Bb7 12. d5 Bxa8 13. Qe2 a6 14. O-O Qc8
15. Bd2 Nb6 16. f3 Bd8 17. a4 bxa4 18. Nxa4 Nxa4 19. Rxa4 Qxc2 20. Rxa6 Bb7 21.
Rxd6 Bc7 1/2-1/2

[Event "RA Fall op"]
[Site "Ottawa CAN"]
[Date "2018.09.15"]
[Round "2"]
[White "Dukic, Zachary"]
[Black "Yang, Fan"]
[Result "1-0"]
[WhiteElo "2279"]
[BlackElo "2154"]
[PlyCount "61"]
[EventDate "2018.09.14"]
[EventType "swiss"]
[EventRounds "5"]
[EventCountry "CAN"]

1. e4 e5 2. Nf3 Nc6 3. Bb5 a6 4. Ba4 Nf6 5. O-O b5 6. Bb3 Be7 7. d3 O-O 8. Nc3
d6 9. a3 Na5 10. Ba2 c5 11. b4 Nc6 12. Nd5 Bb7 13. c3 h6 14. Be3 cxb4 15. axb4
Nxd5 16. Bxd5 Qc7 17. Qb3 a5 18. bxa5 Nxa5 19. Qxb5 Rfb8 20. Bxb7 Qxb7 21. Qxb7
Nxb7 22. g3 Nd8 23. d4 Nc6 24. d5 Nd8 25. c4 Rxa1 26. Rxa1 Rb4 27. Ra8 Kh7 28.
Rc8 f6 29. c5 Rc4 30. c6 Kg6 31. Bb6 1-0

[Event "RA Fall op"]
[Site "Ottawa CAN"]
[Date "2018.09.15"]
[Round "2"]
[White "Marinkovic, Mate"]
[Black "Sambuev, Bator"]
[Result "0-1"]
[WhiteElo "2262"]
[BlackElo "2539"]
[PlyCount "64"]
[EventDate "2018.09.14"]
[EventType "swiss"]
[EventRounds "5"]
[EventCountry "CAN"]

1. c4 Nf6 2. g3 c5 3. Bg2 e6 4. Nf3 d5 5. b3 Nc6 6. Bb2 d4 7. O-O e5 8. e3 Be7
9. exd4 exd4 10. Re1 O-O 11. Ne5 Nxe5 12. Rxe5 Rb8 13. b4 cxb4 14. Qa4 a6 15.
c5 Nd7 16. Rd5 Bxc5 17. Bxd4 Bxd4 18. Rxd4 a5 19. Rh4 Re8 20. Qd1 Nf6 21. a3
Bg4 22. Bf3 Bxf3 23. Qxf3 Re1+ 24. Kg2 Rc8 25. axb4 Rcc1 26. Qxb7 g5 27. Rxa5
Rg1+ 28. Kh3 g4+ 29. Rxg4+ Nxg4 30. Kxg4 Rxb1 31. Kh5 Qxa5+ 32. Kh6 Qxb4 0-1

[Event "RA Fall op"]
[Site "Ottawa CAN"]
[Date "2018.09.15"]
[Round "2"]
[White "Pace, Christopher"]
[Black "Latreille, Etienne"]
[Result "1-0"]
[WhiteElo "2259"]
[BlackElo "1855"]
[PlyCount "69"]
[EventDate "2018.09.14"]
[EventType "swiss"]
[EventRounds "5"]
[EventCountry "CAN"]

1. d4 d5 2. c4 c6 3. Nc3 Bf5 4. cxd5 Nf6 5. dxc6 Nxc6 6. d5 Nb8 7. e4 Bd7 8.
Qb3 Qb6 9. Qxb6 axb6 10. e5 Ng4 11. Nf3 g6 12. h3 Nh6 13. Be3 Bg7 14. Bc4 O-O
15. Bxb6 Rc8 16. Bb3 Ra6 17. Be3 Be8 18. O-O Nd7 19. Rfe1 Nf5 20. Bf4 Nb6 21.
g4 Nh6 22. Rac1 Rca8 23. Ne4 Ba4 24. Nc5 R6a7 25. Nxa4 Nxa4 26. Rc2 b6 27. Be3
Bf8 28. Rec1 Kg7 29. Bd4 Ng8 30. Rc6 Nh6 31. d6 e6 32. Rc7 Nc5 33. Rxa7 Nxb3
34. Rxa8 Nxc1 35. Bxb6 1-0

[Event "RA Fall op"]
[Site "Ottawa CAN"]
[Date "2018.09.15"]
[Round "3"]
[White "Gordon, David"]
[Black "Dukic, Zachary"]
[Result "0-1"]
[WhiteElo "2254"]
[BlackElo "2279"]
[PlyCount "54"]
[EventDate "2018.09.14"]
[EventType "swiss"]
[EventRounds "5"]
[EventCountry "CAN"]

1. d4 Nf6 2. Bg5 e6 3. Nf3 h6 4. Bh4 d6 5. Nc3 g5 6. Bg3 Nh5 7. e4 Bg7 8. Bd3
a6 9. e5 Nxg3 10. hxg3 Nc6 11. Qe2 g4 12. Nh2 h5 13. Qe4 d5 14. Qe3 Bh6 15. f4
gxf3 16. Qxf3 Nxd4 17. Qf2 Nc6 18. Nf3 Bd7 19. Ke2 Bg7 20. Rh4 Nxe5 21. Nxe5
Bxe5 22. Rf1 Qe7 23. Qf3 O-O-O 24. Rxh5 f6 25. g4 Rhg8 26. Kd2 Qg7 27. Be2 Rh8
0-1

[Event "RA Fall op"]
[Site "Ottawa CAN"]
[Date "2018.09.15"]
[Round "3"]
[White "Sambuev, Bator"]
[Black "Pace, Christopher"]
[Result "1-0"]
[WhiteElo "2539"]
[BlackElo "2259"]
[PlyCount "67"]
[EventDate "2018.09.14"]
[EventType "swiss"]
[EventRounds "5"]
[EventCountry "CAN"]

1. d4 Nf6 2. Nf3 g6 3. Bg5 Bg7 4. Nbd2 c5 5. c3 cxd4 6. cxd4 d6 7. e3 O-O 8.
Bc4 Qb6 9. O-O Nc6 10. Nb3 Bd7 11. Qe2 Rac8 12. h3 a5 13. Bb5 Ne4 14. Bxe7 Rfe8
15. Bg5 Nxg5 16. Nxg5 a4 17. Bxa4 Nxd4 18. Nxd4 Bxa4 19. Qd2 Bxd4 20. exd4 f6
21. Nf3 Rc2 22. Qf4 Kg7 23. b3 Bb5 24. Rfe1 Be2 25. h4 d5 26. h5 Re4 27. h6+
Kf8 28. Qb8+ Re8 29. Qg3 Re4 30. Rac1 Bxf3 31. Qb8+ Kf7 32. gxf3 Rxc1 33. Rxc1
Re7 34. Qh8 1-0

[Event "RA Fall op"]
[Site "Ottawa CAN"]
[Date "2018.09.15"]
[Round "3"]
[White "Van Rooy, Jake"]
[Black "Yao, Houji"]
[Result "0-1"]
[WhiteElo "2015"]
[BlackElo "2130"]
[PlyCount "116"]
[EventDate "2018.09.14"]
[EventType "swiss"]
[EventRounds "5"]
[EventCountry "CAN"]

1. e4 c5 2. Nf3 e6 3. d4 cxd4 4. Nxd4 a6 5. Nc3 Qc7 6. g3 b5 7. a3 Bb7 8. Bg2
Nf6 9. O-O Bc5 10. Nb3 Be7 11. Bf4 d6 12. Qe2 Nbd7 13. Rad1 O-O 14. Rd2 Rac8
15. Rfd1 Ne5 16. Rb1 Nc4 17. Rd3 Nd7 18. a4 Nde5 19. Bxe5 Nxe5 20. Rd4 bxa4 21.
Rxa4 Nc4 22. Nd1 Nb6 23. Ra2 Qxc2 24. Qxc2 Rxc2 25. Ne3 Rc7 26. Na5 Bc8 27. Bf1
d5 28. Bd3 dxe4 29. Bxe4 f5 30. Bd3 Rd8 31. Bc2 Nd5 32. Nxd5 Rxd5 33. Bb3 Rb5
34. Bd1 Bb4 35. Nb3 e5 36. Rc1 Rxc1 37. Nxc1 Rb6 38. Bb3+ Kf8 39. Bc4 Ke7 40.
Nd3 Bd6 41. b3 g5 42. Re2 Kf6 43. f3 h6 44. Ra2 Bb7 45. Kf2 e4 46. fxe4 fxe4
47. Nc1 Bc5+ 48. Kf1 Bb4 49. Rf2+ Ke5 50. g4 Rf6 51. Ne2 Rf3 52. Ng1 Rxf2+ 53.
Kxf2 Bc5+ 54. Kf1 Kf4 55. Be6 Bxg1 56. Kxg1 Ke3 57. Kf1 Kd2 58. Bc4 a5 0-1

[Event "RA Fall op"]
[Site "Ottawa CAN"]
[Date "2018.09.16"]
[Round "4"]
[White "Dukic, Zachary"]
[Black "Sambuev, Bator"]
[Result "0-1"]
[WhiteElo "2279"]
[BlackElo "2539"]
[PlyCount "48"]
[EventDate "2018.09.14"]
[EventType "swiss"]
[EventRounds "5"]
[EventCountry "CAN"]

1. e4 c5 2. Nf3 d6 3. d4 cxd4 4. Nxd4 Nf6 5. Nc3 g6 6. Be3 Bg7 7. f3 a6 8. Qd2
b5 9. Bh6 Bxh6 10. Qxh6 Qb6 11. O-O-O Bb7 12. a3 Nbd7 13. g3 Rc8 14. Bh3 Rxc3
15. bxc3 Qc5 16. Rhe1 Ne5 17. Bf1 g5 18. Nf5 Qxc3 19. Re3 Qa1+ 20. Kd2 Qb2 21.
Ke1 Rg8 22. Rb3 Qxc2 23. Nxd6+ exd6 24. Qxf6 Qxb3 0-1

[Event "RA Fall op"]
[Site "Ottawa CAN"]
[Date "2018.09.16"]
[Round "4"]
[White "Latreille, Etienne"]
[Black "Gordon, David"]
[Result "0-1"]
[WhiteElo "1855"]
[BlackElo "2254"]
[PlyCount "48"]
[EventDate "2018.09.14"]
[EventType "swiss"]
[EventRounds "5"]
[EventCountry "CAN"]

1. d4 Nf6 2. c4 c5 3. e3 e6 4. Nf3 d5 5. Nc3 a6 6. dxc5 Bxc5 7. cxd5 exd5 8.
Be2 O-O 9. O-O Nc6 10. a3 Re8 11. b4 Ba7 12. Ra2 Qc7 13. Rc2 Bf5 14. Bd3 Be4
15. Bb2 Rad8 16. Ne2 Ng4 17. Ng3 Nxe3 18. fxe3 Bxd3 19. Rxc6 Qxc6 20. Re1 Rxe3
21. Rxe3 Bxe3+ 22. Kh1 Qc2 23. Qxc2 Bxc2 24. Bd4 Re8 0-1

[Event "RA Fall op"]
[Site "Ottawa CAN"]
[Date "2018.09.16"]
[Round "4"]
[White "Pace, Christopher"]
[Black "Managhan, Jim"]
[Result "0-1"]
[WhiteElo "2259"]
[BlackElo "2178"]
[PlyCount "96"]
[EventDate "2018.09.14"]
[EventType "swiss"]
[EventRounds "5"]
[EventCountry "CAN"]

1. d4 d6 2. e4 Nf6 3. Nc3 Nbd7 4. Nf3 e5 5. Be2 Be7 6. O-O c6 7. a4 a5 8. b3
Qc7 9. Ba3 Nf8 10. Nh4 Ng6 11. Nf5 Bxf5 12. exf5 Nf4 13. Bf3 O-O 14. g3 Nh3+
15. Kh1 Ng5 16. Bg2 h6 17. h4 Ngh7 18. Re1 Rfe8 19. Qd2 Rad8 20. d5 cxd5 21.
Nxd5 Nxd5 22. Bxd5 Qd7 23. Qxa5 Qxf5 24. Qd2 Nf6 25. Bg2 d5 26. Bxe7 Rxe7 27.
c4 d4 28. a5 e4 29. Kg1 d3 30. b4 Ng4 31. c5 Rde8 32. Bh3 Ne5 33. Bxf5 Nf3+ 34.
Kg2 Nxd2 35. Rad1 Nb3 36. h5 Nd4 37. Bxe4 Rxe4 38. Rxe4 Rxe4 39. Rxd3 Nc6 40.
b5 Nxa5 41. Rd8+ Kh7 42. Ra8 Nc4 43. c6 bxc6 44. bxc6 Re7 45. Rc8 Nb6 46. Rb8
Nd5 47. Rb5 Nc7 48. Rb7 g6 0-1

[Event "RA Fall op"]
[Site "Ottawa CAN"]
[Date "2018.09.16"]
[Round "4"]
[White "Yang, Fan"]
[Black "Demchenko, Svitlana"]
[Result "0-1"]
[WhiteElo "2154"]
[BlackElo "2296"]
[PlyCount "98"]
[EventDate "2018.09.14"]
[EventType "swiss"]
[EventRounds "5"]
[EventCountry "CAN"]

1. e4 g6 2. d4 Bg7 3. Nc3 d6 4. Be3 a6 5. a4 b6 6. Nf3 Bb7 7. Bc4 e6 8. O-O Nd7
9. Re1 Ne7 10. Qd2 O-O 11. Bh6 c5 12. Bxg7 Kxg7 13. dxc5 dxc5 14. Rad1 Bc6 15.
Ng5 h6 16. Bxe6 Ne5 17. Qe3 Qb8 18. Nd5 hxg5 19. Nxe7 fxe6 20. Qxg5 Rf6 21. f4
Nf7 22. Qg3 Bxe4 23. Rxe4 Qb7 24. Rde1 Qxe7 25. f5 e5 26. Rg4 Qd6 27. Rf1 e4
28. Qc3 Qd4+ 29. Qxd4 cxd4 30. Rxe4 gxf5 31. Rxd4 Re8 32. Rd5 Re5 33. Rfd1 Rfe6
34. Rd7 Re7 35. Rxe7 Rxe7 36. Rd5 Kf6 37. Kf2 Re5 38. Rd4 Re4 39. Rxe4 fxe4 40.
Ke3 Ke5 41. g4 Nd6 42. b3 Ne8 43. h3 Nf6 44. c4 a5 45. g5 Nh5 46. g6 Ng7 47. h4
Nh5 48. Kf2 Kf4 49. Ke2 e3 0-1

[Event "RA Fall op"]
[Site "Ottawa CAN"]
[Date "2018.09.16"]
[Round "4"]
[White "Yao, Houji"]
[Black "Marinkovic, Mate"]
[Result "1-0"]
[WhiteElo "2130"]
[BlackElo "2252"]
[PlyCount "114"]
[EventDate "2018.09.14"]
[EventType "swiss"]
[EventRounds "5"]
[EventCountry "CAN"]

1. e4 c5 2. Nf3 e6 3. d4 cxd4 4. Nxd4 Nc6 5. Nc3 Qc7 6. Be3 a6 7. Qd2 Nf6 8. f3
h5 9. O-O-O Be7 10. Kb1 b5 11. Nxc6 dxc6 12. Qf2 c5 13. Qg3 Qxg3 14. hxg3 Bb7
15. a4 b4 16. Ne2 Nd7 17. Nf4 g6 18. b3 O-O-O 19. Be2 Ne5 20. Nd3 Nxd3 21. Bxd3
Kc7 22. Bc4 Kb6 23. Rd3 Rxd3 24. Bxd3 Bf6 25. Kc1 a5 26. Kd2 Rd8 27. Ke2 Be5
28. Bf4 Bd4 29. Rd1 e5 30. Bg5 Rd6 31. Be7 Rd7 32. Bf6 Rd6 33. Be7 Re6 34. Bd8+
Ka7 35. Bxa5 Rd6 36. Bb5 Ba6 37. Bxa6 Kxa6 38. Bc7 Re6 39. Bd8 f6 40. g4 Kb7
41. g5 fxg5 42. Bxg5 Kc6 43. Kd3 Re8 44. Kc4 Ra8 45. Rf1 Re8 46. Kd3 Re6 47. g3
Rd6 48. g4 c4+ 49. Kxc4 Bc3 50. Be3 Rf6 51. gxh5 gxh5 52. a5 h4 53. a6 h3 54.
a7 Kb7 55. Rg1 Rf8 56. Rg7+ Kc6 57. Rh7 Rd8 1-0

[Event "RA Fall op"]
[Site "Ottawa CAN"]
[Date "2018.09.16"]
[Round "5"]
[White "Berengolts, Isaac"]
[Black "Pace, Christopher"]
[Result "1-0"]
[WhiteElo "2112"]
[BlackElo "2259"]
[PlyCount "46"]
[EventDate "2018.09.14"]
[EventType "swiss"]
[EventRounds "5"]
[EventCountry "CAN"]

1. e4 g6 2. d4 Bg7 3. Be3 d6 4. Bc4 Nf6 5. f3 d5 6. exd5 Nxd5 7. Bxd5 Qxd5 8.
Nc3 Qd6 9. Qd2 O-O 10. O-O-O Rd8 11. Nge2 Nd7 12. Bh6 Bh8 13. h4 Nb6 14. b3 a5
15. h5 a4 16. hxg6 hxg6 17. Bf4 Qa3+ 18. Kb1 Bf5 19. Nb5 axb3 20. Nxa3 Rxa3 21.
axb3 Rda8 22. Nc1 c5 23. Rxh8+ Kxh8 1-0

[Event "RA Fall op"]
[Site "Ottawa CAN"]
[Date "2018.09.16"]
[Round "5"]
[White "Demchenko, Svitlana"]
[Black "Yao, Houji"]
[Result "1-0"]
[WhiteElo "2296"]
[BlackElo "2130"]
[PlyCount "105"]
[EventDate "2018.09.14"]
[EventType "swiss"]
[EventRounds "5"]
[EventCountry "CAN"]

1. d4 Nf6 2. Nf3 g6 3. g3 Bg7 4. Bg2 d5 5. c4 c6 6. cxd5 cxd5 7. O-O O-O 8. Nc3
Nc6 9. Ne5 Be6 10. Nxc6 bxc6 11. Na4 Qc8 12. b3 Bh3 13. Ba3 Re8 14. Rc1 Bxg2
15. Kxg2 Qa6 16. e3 Ne4 17. Rc2 e5 18. dxe5 Bxe5 19. Qe2 Qxe2 20. Rxe2 Rac8 21.
Rc1 Re6 22. Rec2 Bd6 23. Bxd6 Rxd6 24. Nb2 Ng5 25. Nd3 Ne6 26. b4 a6 27. a4 f5
28. b5 axb5 29. axb5 Nd8 30. Ne5 Kf8 31. Kf3 Ke8 32. Nxc6 Ne6 33. Nd4 Rxc2 34.
Rxc2 Ng5+ 35. Kf4 Nf7 36. Ra2 Ke7 37. Ra7+ Kf6 38. Ra6 g5+ 39. Kf3 Ne5+ 40. Ke2
Nc4 41. Kd3 Ke5 42. Nf3+ Kf6 43. Kd4 h6 44. Kc5 Ke7 45. Rxd6 Nxd6 46. Kc6 Ke6
47. b6 Nc4 48. b7 Na5+ 49. Kc7 Nxb7 50. Kxb7 f4 51. Kc6 fxe3 52. fxe3 Kf5 53.
Kxd5 1-0

[Event "RA Fall op"]
[Site "Ottawa CAN"]
[Date "2018.09.16"]
[Round "5"]
[White "Monaghan, Jim"]
[Black "Dukic, Zachary"]
[Result "1/2-1/2"]
[WhiteElo "2178"]
[BlackElo "2279"]
[PlyCount "89"]
[EventDate "2018.09.14"]
[EventType "swiss"]
[EventRounds "5"]
[EventCountry "CAN"]

1. Nf3 Nf6 2. g3 g6 3. b3 Bg7 4. Bb2 d6 5. Bg2 O-O 6. O-O e5 7. d3 Nbd7 8. e4
a5 9. a4 c6 10. Nbd2 Re8 11. Re1 Qc7 12. d4 exd4 13. Bxd4 b6 14. Qc1 Bb7 15.
Qb2 Rad8 16. Rad1 Nh5 17. Bxg7 Nxg7 18. Nc4 Nc5 19. e5 dxe5 20. Ncxe5 Rxd1 21.
Rxd1 Bc8 22. h3 h5 23. Nc4 b5 24. axb5 cxb5 25. Ne3 Ne4 26. Qd4 Nc3 27. Re1 Nf5
28. Nxf5 Rxe1+ 29. Kh2 Bxf5 30. Nxe1 a4 31. bxa4 bxa4 32. Qb4 Be6 33. Nd3 Qc4
34. Qb8+ Kh7 35. Qf8 Nb5 36. Ne5 Qc7 37. Nf3 f6 38. Qxf6 Bf7 39. Ng5+ Kg8 40.
Ne6 Bxe6 41. Qxg6+ Kf8 42. Qxe6 Nc3 43. Qf6+ Kg8 44. Qg6+ Kf8 45. Qf6+ 1/2-1/2

[Event "RA Fall op"]
[Site "Ottawa CAN"]
[Date "2018.09.16"]
[Round "5"]
[White "Sambuev, Bator"]
[Black "Gordon, David"]
[Result "1-0"]
[WhiteElo "2539"]
[BlackElo "2254"]
[PlyCount "83"]
[EventDate "2018.09.14"]
[EventType "swiss"]
[EventRounds "5"]
[EventCountry "CAN"]

1. d4 Nf6 2. Nf3 c5 3. e3 d5 4. c4 e6 5. Nc3 a6 6. cxd5 exd5 7. Be2 Nc6 8. O-O
Be7 9. dxc5 Bxc5 10. b3 O-O 11. Bb2 Be6 12. Rc1 Qe7 13. Na4 Bd6 14. Nd4 Ne5 15.
Nxe6 fxe6 16. Nc5 Ng6 17. Nd3 e5 18. g3 Rac8 19. Rxc8 Rxc8 20. Bg4 Nxg4 21.
Qxg4 Rc2 22. e4 Qf7 23. Qd1 Qc7 24. Re1 dxe4 25. Rxe4 Qc6 26. Qe1 Qd5 27. Qe3
Bc5 28. Nxc5 Rxb2 29. Rc4 Rb1+ 30. Rc1 Rxc1+ 31. Qxc1 b6 32. Nxa6 e4 33. Nc7
Qf5 34. Qc4+ Kf8 35. Ne6+ Ke7 36. Nd4 Qg4 37. Qc7+ Kf6 38. Qxb6+ Kg5 39. Qc5+
Kf6 40. Qd6+ Kg5 41. Ne6+ Kh6 42. Qd2+ 1-0

[Event "RA Fall op U1600"]
[Site "Ottawa CAN"]
[Date "2018.09.14"]
[Round "1"]
[White "Dupont-Mageau, Nicolas"]
[Black "Schatz, Alexandre"]
[Result "1-0"]
[WhiteElo "1335"]
[BlackElo "791"]
[PlyCount "55"]
[EventDate "2018.09.14"]
[EventType "swiss"]
[EventRounds "5"]
[EventCountry "CAN"]

1. e4 e5 2. Nf3 Nc6 3. Bb5 Bd6 4. O-O Nf6 5. d3 O-O 6. Nc3 b6 7. Bg5 Bb7 8. Nd5
Be7 9. Nxe7+ Qxe7 10. c3 a6 11. Ba4 h6 12. Bh4 Rfe8 13. Re1 Rad8 14. d4 exd4
15. Bxc6 Bxc6 16. e5 dxc3 17. bxc3 g5 18. exf6 Qxf6 19. Bg3 Qxc3 20. Bxc7 Rc8
21. Rxe8+ Rxe8 22. Bxb6 Bxf3 23. gxf3 Re1+ 24. Qxe1 Qxf3 25. Qe3 Qf6 26. Bd4
Qg6 27. Qe8+ Kh7 28. Qh8# 1-0